[Event "SWE-chT 1920 Superettan"]
[Site "Sweden"]
[Date "2020.02.29"]
[Round "6"]
[White "Aaberg, Anton"]
[Black "Wikstrom, Per"]
[Result "0-1"]
[WhiteElo "2352"]
[BlackElo "2157"]
[PlyCount "110"]
[EventDate "2019.10.18"]
[EventType "team-tourn"]
[EventRounds "9"]
[EventCountry "SWE"]
[SourceTitle "EXT 2023"]
[Source "ChessBase"]
[SourceDate "2022.10.05"]
[SourceVersion "1"]
[SourceVersionDate "2022.10.05"]
[SourceQuality "1"]
[WhiteTeam "Kamraterna"]
[BlackTeam "Norrkoping Schack 08"]
[WhiteTeamCountry "SWE"]
[BlackTeamCountry "SWE"]

1. e4 e6 2. d4 d5 3. e5 c5 4. c3 Bd7 5. Nf3 Qa5 6. dxc5 Qxc5 7. Bd3 Qc7 8. 0-0 Nc6 9. Re1 h6 10. Na3 Bxa3 11. bxa3 Na5 12. Rb1 Nc4 13. Qe2 Ne7 14. Nd2 b5 15. a4 a6 16. Qg4 Bc6 17. Nf3 g6 18. Nd4 Qd7 19. h4 0-0-0 20. axb5 Bxb5 21. Qf3 Nc6 22. Nxb5 axb5 23. Bf4 N6a5 24. h5 g5 25. Bc1 Kc7 26. Qf6 Rb8 27. Re2 Kc6 28. Bc2 Kc7 29. g3 Nc6 30. Re1 Qe7 31. Qxe7+ Nxe7 32. Bd3 Kc6 33. g4 Ra8 34. Re2 Nc8 35. f4 gxf4 36. Bxf4 N8b6 37. Kh2 Na4 38. Rc2 Na3 39. Rcc1 Nxb1 40. Bxb1 Nc5 41. Be3 Ra4 42. Kh3 Ne4 43. Bd4 Nd2 44. Bc2 Rxa2 45. g5 hxg5 46. Kg4 Ne4 47. Bxe4 dxe4 48. Kxg5 Rg2+ 49. Kf6 Rxh5 50. Kxf7 Kd5 51. Ra1 Rh7+ 52. Kf6 Rh3 53. Ra6 Rf3+ 54. Ke7 Rg7+ 55. Ke8 e3 0-1

[Event "SWE-chT 1718 Superettan"]
[Site "Sweden"]
[Date "2018.03.17"]
[Round "8"]
[White "Haitin, Ilja"]
[Black "Aaberg, Anton"]
[Result "1-0"]
[WhiteElo "2290"]
[BlackElo "2368"]
[PlyCount "45"]
[EventDate "2017.10.20"]
[EventType "team-tourn"]
[EventRounds "9"]
[EventCountry "SWE"]
[SourceTitle "EXT 2019"]
[Source "ChessBase"]
[SourceDate "2018.10.10"]
[SourceVersion "1"]
[SourceVersionDate "2018.10.10"]
[SourceQuality "1"]
[WhiteTeam "Burgsvik Alva"]
[BlackTeam "Kamraterna"]
[WhiteTeamCountry "SWE"]
[BlackTeamCountry "SWE"]

1. d4 f5 2. Bg5 d5 3. c4 h6 4. Bf4 e6 5. Nf3 Nd7 6. cxd5 exd5 7. Qc2 c6 8. Qxf5 Ne7 9. Qc2 g5 10. Bg3 Nf6 11. e3 Bf5 12. Bd3 Bxd3 13. Qxd3 Qb6 14. b3 Rg8 15. Nc3 0-0-0 16. 0-0 Nd7 17. Rfc1 a6 18. Bd6 Nf6 19. Na4 Qa7 20. Bc5 Qb8 21. Ne5 Nd7 22. Bxe7 Nxe5 23. Qf5+ 1-0

[Event "SWE-chT 1718 Superettan"]
[Site "Sweden"]
[Date "2018.02.04"]
[Round "6.1"]
[White "Aaberg, Anton"]
[Black "Welin, Mats Erik Thomas"]
[Result "1/2-1/2"]
[WhiteElo "2368"]
[BlackElo "2335"]
[PlyCount "43"]
[EventDate "2017.10.20"]
[EventType "team-tourn"]
[EventRounds "9"]
[EventCountry "SWE"]
[SourceTitle "EXT 2019"]
[Source "ChessBase"]
[SourceDate "2018.10.10"]
[SourceVersion "1"]
[SourceVersionDate "2018.10.10"]
[SourceQuality "1"]
[WhiteTeam "Kamraterna"]
[BlackTeam "Manhem"]
[WhiteTeamCountry "SWE"]
[BlackTeamCountry "SWE"]

1. d4 Nf6 2. Bg5 d5 3. e3 c5 4. Nc3 Nc6 5. Bxf6 gxf6 6. dxc5 e6 7. Qh5 f5 8. 0-0-0 Bd7 9. Nf3 Bxc5 10. Nb5 Rc8 11. Kb1 a6 12. Nbd4 Qf6 13. g3 Rg8 14. Be2 Bf8 15. Qh4 Qg7 16. Qh5 Be7 17. h4 Bf6 18. c3 Qg6 19. Qxg6 hxg6 20. Nxc6 Rxc6 21. Nd4 Rc7 22. f4 1/2-1/2

[Event "SWE Cup"]
[Site "Sweden"]
[Date "2017.03.05"]
[Round "5.2"]
[White "Ingbrandt, Johan"]
[Black "Aaberg, Anton"]
[Result "1/2-1/2"]
[WhiteElo "2365"]
[BlackElo "2365"]
[PlyCount "65"]
[EventDate "2017.01.14"]
[EventType "team-tourn"]
[EventRounds "9"]
[EventCountry "SWE"]
[SourceTitle "EXT 2018"]
[Source "ChessBase"]
[SourceDate "2017.10.13"]
[SourceVersion "1"]
[SourceVersionDate "2017.10.13"]
[SourceQuality "1"]
[WhiteTeam "Norrkoping Schack 08"]
[BlackTeam "Kamraterna"]
[WhiteTeamCountry "SWE"]
[BlackTeamCountry "SWE"]

1. b3 e5 2. Bb2 Nc6 3. e3 Nf6 4. Bb5 Bd6 5. Ne2 a6 6. Bxc6 dxc6 7. d3 h5 8. Nd2 h4 9. h3 Qe7 10. e4 Bd7 11. Nc4 Nh5 12. Qd2 f6 13. 0-0-0 Bb4 14. Bc3 Bxc3 15. Qxc3 c5 16. Ne3 Be6 17. g4 hxg3 18. fxg3 0-0-0 19. Rdf1 g5 20. Qe1 b6 21. Qf2 Qd7 22. h4 g4 23. Kb1 Kb7 24. Rhg1 a5 25. Nc3 Ra8 26. a4 c6 27. Nf5 Rhg8 28. Qe3 Rg6 29. Rf2 Kc7 30. Rgf1 Qf7 31. Kc1 Rd8 32. Rd2 Rd7 33. Rff2 1/2-1/2

[Event "SWE Cup"]
[Site "Sweden"]
[Date "2017.03.04"]
[Round "6.2"]
[White "Solodovnichenko, Yuri"]
[Black "Aaberg, Anton"]
[Result "1-0"]
[WhiteElo "2567"]
[BlackElo "2365"]
[PlyCount "101"]
[EventDate "2017.01.14"]
[EventType "team-tourn"]
[EventRounds "9"]
[EventCountry "SWE"]
[SourceTitle "EXT 2018"]
[Source "ChessBase"]
[SourceDate "2017.10.13"]
[SourceVersion "1"]
[SourceVersionDate "2017.10.13"]
[SourceQuality "1"]
[WhiteTeam "Vaxjo"]
[BlackTeam "Kamraterna"]
[WhiteTeamCountry "SWE"]
[BlackTeamCountry "SWE"]

1. e4 c6 2. Nf3 d5 3. Nc3 Bg4 4. h3 Bxf3 5. Qxf3 e6 6. d4 Nf6 7. Bd3 dxe4 8. Nxe4 Nxe4 9. Qxe4 Nd7 10. c3 Nf6 11. Qe2 Bd6 12. 0-0 Qc7 13. Qf3 0-0 14. Re1 Rfe8 15. Bg5 Nd7 16. Rad1 Be7 17. Bf4 Bd6 18. Bg5 Be7 19. Bc1 Nf8 20. a3 Rad8 21. g3 Rd7 22. h4 Red8 23. b4 Bd6 24. Qe4 Be7 25. Kg2 Bd6 26. Bc2 Be7 27. Bb3 Qb6 28. Be3 Qc7 29. Qf3 a5 30. Qe4 Ra8 31. Bc1 Qb6 32. Bc4 axb4 33. axb4 Qd8 34. Qf3 Qb6 35. Re4 Qc7 36. Rg4 Bd6 37. Rxg7+ Kxg7 38. Bh6+ Kxh6 39. Qf6+ Ng6 40. g4 Ra2 41. g5+ Kh5 42. Qf3+ Kxh4 43. Rh1+ Bh2 44. Rxh2+ Qxh2+ 45. Kxh2 Rb2 46. Qg3+ Kh5 47. Kh3 Ne7 48. Qh4+ Kg6 49. Qh6+ Kf5 50. Qf6+ Ke4 51. Qe5+ 1-0

[Event "Vasteras op"]
[Site "Vasteras"]
[Date "2016.09.25"]
[Round "8"]
[White "Aaberg, Anton"]
[Black "Berg, Emanuel"]
[Result "1/2-1/2"]
[WhiteElo "2363"]
[BlackElo "2579"]
[PlyCount "184"]
[EventDate "2016.09.23"]
[EventType "swiss"]
[EventRounds "8"]
[EventCountry "SWE"]
[SourceTitle "CBM 174 Extra"]
[Source "ChessBase"]
[SourceDate "2016.10.10"]
[SourceVersion "1"]
[SourceVersionDate "2016.10.10"]
[SourceQuality "1"]

1. d4 Nf6 2. Bg5 e6 3. e4 h6 4. Bxf6 Qxf6 5. c3 d6 6. Bd3 Nd7 7. Ne2 g6 8. 0-0 Qe7 9. f4 e5 10. Na3 Bg7 11. Nc4 0-0 12. Ne3 c6 13. Kh1 Nf6 14. dxe5 dxe5 15. f5 h5 16. Qe1 Bh6 17. Qg3 Kh7 18. h3 Bd7 19. Qf3 Rad8 20. Bc2 Qc5 21. Nd1 Bc8 22. b4 Qe7 23. Nf2 Rd2 24. Bd3 Rd8 25. Rad1 Rxd1 26. Rxd1 b5 27. Bc2 Rxd1+ 28. Nxd1 Kg7 29. Nf2 c5 30. bxc5 Qxc5 31. Nd3 Qd6 32. fxg6 fxg6 33. Qg3 Nxe4 34. Qxe5+ Qxe5 35. Nxe5 Bf5 36. Kh2 Nxc3 37. Bxf5 Nxe2 38. Nxg6 Nc3 39. Kg3 Nxa2 40. Bc2 Kf6 41. Nh4 Nb4 42. Bb1 Ke5 43. Nf3+ Kd5 44. Kh4 a5 45. Kxh5 Bg7 46. Kg6 Bc3 47. Kf5 a4 48. Ng5 a3 49. Ne4 Bd4 50. g4 a2 51. Bxa2+ Nxa2 52. g5 b4 53. Nf6+ Bxf6 54. gxf6 b3 55. f7 b2 56. f8Q b1Q+ 57. Kg5 Qg1+ 58. Kh5 Qd1+ 59. Kg5 Qg1+ 60. Kh5 Qh2 61. Qa8+ Kc5 62. Qa7+ Kc4 63. Qa6+ Kb3 64. Qe6+ Kb2 65. Qb6+ Kc2 66. Qg6+ Kd2 67. Qg5+ Kc2 68. Qg6+ Kc1 69. Qg5+ Kb1 70. Qf5+ Ka1 71. Qf6+ Kb1 72. Qf5+ Kb2 73. Qb5+ Ka1 74. Qf1+ Kb2 75. Qb5+ Kc3 76. Qc5+ Kb3 77. Qd5+ Kb4 78. Qb7+ Kc5 79. Qa7+ Kd5 80. Qa5+ Ke4 81. Qa4+ Ke3 82. Qa3+ Kd4 83. Qa4+ Kc3 84. Qc6+ Kd2 85. Qd5+ Ke3 86. Qb3+ Kd4 87. Qb6+ Kd5 88. Qb5+ Ke6 89. Qb6+ Kd7 90. Qb7+ Kd8 91. Qd5+ Ke7 92. Qb7+ Ke6 1/2-1/2

[Event "Vasteras op"]
[Site "Vasteras"]
[Date "2016.09.24"]
[Round "6"]
[White "Aaberg, Anton"]
[Black "Semcesen, Daniel"]
[Result "0-1"]
[WhiteElo "2363"]
[BlackElo "2457"]
[PlyCount "58"]
[EventDate "2016.09.23"]
[EventType "swiss"]
[EventRounds "8"]
[EventCountry "SWE"]
[SourceTitle "CBM 174 Extra"]
[Source "ChessBase"]
[SourceDate "2016.10.10"]
[SourceVersion "1"]
[SourceVersionDate "2016.10.10"]
[SourceQuality "1"]

1. e4 e5 2. Nf3 Nc6 3. d4 exd4 4. Nxd4 g6 5. Nc3 Bg7 6. Be3 d6 7. Qd2 Nf6 8. 0-0-0 0-0 9. f3 Nxd4 10. Bxd4 Be6 11. h4 a6 12. h5 b5 13. g4 c5 14. Be3 b4 15. Nb1 Qa5 16. Bh6 Bh8 17. hxg6 fxg6 18. Bxf8 Rxf8 19. a3 Ne8 20. f4 Qb6 21. a4 c4 22. c3 d5 23. f5 Be5 24. Bg2 bxc3 25. bxc3 Nf6 26. Rhf1 Rb8 27. Qc2 Bf7 28. g5 Ng4 29. Bh3 Ne3 0-1

[Event "Deltalift op"]
[Site "Tylosand"]
[Date "2016.05.07"]
[Round "7"]
[White "Ivarsson, Torbjorn"]
[Black "Aaberg, Anton"]
[Result "0-1"]
[WhiteElo "2185"]
[BlackElo "2365"]
[PlyCount "80"]
[EventDate "2016.05.05"]
[EventType "swiss"]
[EventRounds "8"]
[EventCountry "SWE"]
[SourceTitle "CBM 172 Extra"]
[Source "ChessBase"]
[SourceDate "2016.06.21"]
[SourceVersion "1"]
[SourceVersionDate "2016.06.21"]
[SourceQuality "1"]

1. e4 e6 2. d4 d5 3. exd5 exd5 4. Bd3 Nc6 5. c3 Bd6 6. Nf3 Bg4 7. h3 Bh5 8. Be3 Nge7 9. Nbd2 Bg6 10. Qc2 Qd7 11. 0-0-0 Nf5 12. Rde1 0-0-0 13. Re2 Rde8 14. Rhe1 Re7 15. Kd1 Rhe8 16. Nf1 Nd8 17. Bg5 Rxe2 18. Rxe2 Rxe2 19. Kxe2 Ne6 20. Ne3 Nxe3 21. Bxe3 Qe8 22. Kf1 a6 23. Bxg6 hxg6 24. Qe2 Qa4 25. a3 Kb8 26. Ng5 Nxg5 27. Bxg5 Ka7 28. Ke1 Qb3 29. Bc1 Kb6 30. g3 a5 31. Qd1 a4 32. Qd3 Qb5 33. Ke2 Qd7 34. h4 Qg4+ 35. Kf1 f5 36. c4 dxc4 37. Qxc4 Qd1+ 38. Kg2 Qb3 39. Qe2 Qb5 40. Qe6 Qc6+ 0-1

[Event "Deltalift op"]
[Site "Tylosand"]
[Date "2016.05.05"]
[Round "3"]
[White "Carlsson, Andreas"]
[Black "Aaberg, Anton"]
[Result "0-1"]
[WhiteElo "1991"]
[BlackElo "2365"]
[PlyCount "46"]
[EventDate "2016.05.05"]
[EventType "swiss"]
[EventRounds "8"]
[EventCountry "SWE"]
[SourceTitle "CBM 172 Extra"]
[Source "ChessBase"]
[SourceDate "2016.06.21"]
[SourceVersion "1"]
[SourceVersionDate "2016.06.21"]
[SourceQuality "1"]

1. Nf3 Nf6 2. c4 c6 3. d4 d5 4. g3 Bf5 5. Bg2 e6 6. 0-0 Be7 7. Nc3 h6 8. Qb3 Qb6 9. Qxb6 axb6 10. Ne5 dxc4 11. e4 Bh7 12. Nxc4 b5 13. Nd2 Na6 14. Re1 Nb4 15. Rd1 Nc2 16. Rb1 Nxd4 17. Nc4 Nc2 18. Rd2 Ne1 19. e5 bxc4 20. exf6 Bxf6 21. Ne4 Nxg2 22. Nd6+ Ke7 23. Ra1 Ne1 0-1

[Event "SWE-chT 1516 Superettan"]
[Site "Sweden"]
[Date "2016.03.20"]
[Round "9"]
[White "Wickstrom, Lucas"]
[Black "Aaberg, Anton"]
[Result "1-0"]
[WhiteElo "2361"]
[BlackElo "2393"]
[PlyCount "107"]
[EventDate "2015.11.06"]
[EventType "team-tourn"]
[EventRounds "9"]
[EventCountry "SWE"]
[SourceTitle "EXT 2018"]
[Source "ChessBase"]
[SourceDate "2017.10.13"]
[SourceVersion "1"]
[SourceVersionDate "2017.10.13"]
[SourceQuality "1"]
[WhiteTeam "Umea Rockaden"]
[BlackTeam "Kamraterna"]
[WhiteTeamCountry "SWE"]
[BlackTeamCountry "SWE"]

1. d4 Nf6 2. c4 c5 3. d5 b5 4. cxb5 a6 5. bxa6 g6 6. Nc3 Bxa6 7. Nf3 d6 8. g3 Bg7 9. Bg2 0-0 10. Rb1 Nbd7 11. 0-0 Ra7 12. b3 Ne8 13. Bb2 Nc7 14. Na4 Nf6 15. Ne1 Bb7 16. Nc3 Qa8 17. e4 Ba6 18. Nd3 c4 19. bxc4 Bxc4 20. Re1 Rb8 21. Ba1 Rxb1 22. Qxb1 Nd7 23. Qc2 Ne5 24. Nxe5 Bxe5 25. a4 Na6 26. Nb5 Bxb5 27. Bxe5 Bxa4 28. Qxa4 Nc7 29. Qd4 dxe5 30. Qxe5 Ne8 31. Qc3 Rc7 32. Qd3 Qa5 33. Rb1 f6 34. e5 fxe5 35. Qe3 Rc2 36. Qxe5 Qc5 37. Qf4 Nf6 38. h3 Kg7 39. Rb7 Rc1+ 40. Kh2 Rd1 41. Rc7 Qa3 42. g4 Ne8 43. Rd7 Qc5 44. Qe5+ Kf8 45. Rd8 Qd4 46. Qb8 Qa4 47. Qe5 Qd4 48. Qb8 Qa4 49. Bf3 Rd2 50. Kg2 Kf7 51. Rxe8 Rxf2+ 52. Kxf2 Qd4+ 53. Kg3 Qg1+ 54. Bg2 1-0

[Event "SWE-chT 1516 Superettan"]
[Site "Sweden"]
[Date "2016.02.27"]
[Round "6"]
[White "Aira, Johannes"]
[Black "Aaberg, Anton"]
[Result "1/2-1/2"]
[WhiteElo "2116"]
[BlackElo "2393"]
[PlyCount "148"]
[EventDate "2015.11.06"]
[EventType "team-tourn"]
[EventRounds "9"]
[EventCountry "SWE"]
[SourceTitle "EXT 2018"]
[Source "ChessBase"]
[SourceDate "2017.10.13"]
[SourceVersion "1"]
[SourceVersionDate "2017.10.13"]
[SourceQuality "1"]
[WhiteTeam "Orgryte"]
[BlackTeam "Kamraterna"]
[WhiteTeamCountry "SWE"]
[BlackTeamCountry "SWE"]

1. e4 c6 2. d4 d5 3. Nc3 dxe4 4. Nxe4 Nd7 5. Ng5 Ngf6 6. Bd3 e6 7. N1f3 Bd6 8. Qe2 h6 9. Ne4 Nxe4 10. Qxe4 Nf6 11. Qe2 b6 12. Bd2 Bb7 13. Ne5 Qc7 14. f4 0-0-0 15. a4 Nd5 16. 0-0 f6 17. Ng6 Rhe8 18. a5 b5 19. c4 bxc4 20. Bxc4 Qf7 21. Qd3 Kb8 22. a6 Bc8 23. Rac1 Nb6 24. f5 Nxc4 25. Qxc4 Qc7 26. Qa4 Bxh2+ 27. Kh1 Rd6 28. Ba5 Qd7 29. Kxh2 exf5 30. Bd2 Rxd4 31. Bf4+ Ka8 32. Qxc6+ Qxc6 33. Rxc6 Ra4 34. Rfc1 Bxa6 35. Rc7 Rb4 36. R1c2 Ree4 37. Bd6 Rb6 38. Rd7 Re8 39. b4 Bb5 40. Re7 Rxe7 41. Rc8+ Kb7 42. Rb8+ Kc6 43. Rxb6+ axb6 44. Bxe7 Kd7 45. Bf8 Ke8 46. Bd6 Kf7 47. Nh4 Bd3 48. Bc7 b5 49. Nf3 Ke6 50. Bd8 f4 51. Kg1 g5 52. Kf2 h5 53. Nd4+ Ke5 54. Nf3+ Ke6 55. Nd4+ Ke5 56. Nf3+ Kf5 57. Nd4+ Kg6 58. Kf3 h4 59. Be7 Bc4 60. Bd8 Bd5+ 61. Kf2 g4 62. Bc7 Kg5 63. Kg1 g3 64. Nf3+ Kg4 65. Nxh4 Kxh4 66. Bxf4 Kg4 67. Bd6 f5 68. Bc5 f4 69. Bd6 Kf5 70. Bc7 Ke4 71. Bd6 Ke3 72. Bc5+ Ke2 73. Bd6 Bxg2 74. Bxf4 Bd5 1/2-1/2

[Event "SWE-chT 1516 Superettan"]
[Site "Sweden"]
[Date "2015.11.08"]
[Round "3"]
[White "Ingbrandt, Johan"]
[Black "Aaberg, Anton"]
[Result "1/2-1/2"]
[WhiteElo "2365"]
[BlackElo "2393"]
[PlyCount "96"]
[EventDate "2015.11.06"]
[EventType "team-tourn"]
[EventRounds "9"]
[EventCountry "SWE"]
[SourceTitle "EXT 2018"]
[Source "ChessBase"]
[SourceDate "2017.10.13"]
[SourceVersion "1"]
[SourceVersionDate "2017.10.13"]
[SourceQuality "1"]
[WhiteTeam "Norrkoping Schack 08"]
[BlackTeam "Kamraterna"]
[WhiteTeamCountry "SWE"]
[BlackTeamCountry "SWE"]

1. Nf3 d5 2. g3 Nf6 3. Bg2 c6 4. c4 g6 5. cxd5 cxd5 6. d4 Ne4 7. Ne5 Nd7 8. Nd2 Nxd2 9. Bxd2 Nxe5 10. dxe5 Bg7 11. Bc3 Be6 12. Qa4+ Qd7 13. Qxd7+ Kxd7 14. 0-0-0 Kc6 15. Rd2 Rhd8 16. b3 Rd7 17. Kb2 Rad8 18. Rc1 b6 19. Bd4+ Kb7 20. Rdc2 Bf5 21. Rc3 g5 22. e3 e6 23. Bf1 Bf8 24. a3 g4 25. Bb5 Be7 26. Bc6+ Kb8 27. Bxd7 Rxd7 28. Rc8+ Kb7 29. Rh8 Rd8 30. Rxd8 Bxd8 31. a4 a5 32. Ka2 Be7 33. Bb2 Bb4 34. Ba3 Be4 35. Rd1 Ka6 36. Kb2 h5 37. Bxb4 axb4 38. Kc1 Ka5 39. Kd2 Ka6 40. Rc1 Kb7 41. Ke2 Bf3+ 42. Kd3 Bg2 43. Kd4 Be4 44. Ra1 Ka6 45. Ra2 Bb1 46. Rb2 Be4 47. a5 bxa5 48. Kc5 Bf5 1/2-1/2

[Event "SWE-chT2 1314"]
[Site "Sweden"]
[Date "2013.11.22"]
[Round "1"]
[White "Aaberg, Anton"]
[Black "Tsyhanchuk, Stanislav"]
[Result "1-0"]
[WhiteElo "2372"]
[BlackElo "2401"]
[PlyCount "129"]
[EventDate "2013.11.22"]
[EventType "team-tourn"]
[EventRounds "9"]
[EventCountry "SWE"]
[SourceTitle "EXT 2015"]
[Source "ChessBase"]
[SourceDate "2014.11.20"]
[SourceVersion "1"]
[SourceVersionDate "2014.11.20"]
[SourceQuality "1"]
[WhiteTeam "Kamraterna"]
[BlackTeam "Sollentuna"]
[WhiteTeamCountry "SWE"]
[BlackTeamCountry "SWE"]

1. d4 Nf6 2. Bg5 c5 3. d5 Qb6 4. Nc3 d6 5. e4 Nbd7 6. Bd2 g6 7. f4 Bg7 8. Nf3 0-0 9. Bc4 Qc7 10. a4 Nb6 11. Be2 Bg4 12. 0-0 Nbd7 13. Kh1 a6 14. Ng5 Bxe2 15. Qxe2 Nh5 16. Rae1 h6 17. Nf3 b5 18. g4 Nhf6 19. Rg1 b4 20. Nd1 Qb7 21. g5 hxg5 22. Rxg5 Nh7 23. Rg2 Kh8 24. Reg1 Rg8 25. Rg3 Ndf8 26. Rh3 e6 27. Qd3 Rc8 28. Ne3 Qd7 29. Ng5 Bf6 30. Nxh7 Nxh7 31. Ng4 Qe7 32. Rxh7+ Kxh7 33. Qh3+ Bh4 34. Be1 exd5 35. Bxh4 Qxe4+ 36. Rg2 Kg7 37. Bf6+ Kf8 38. Qh6+ Ke8 39. Bh4 Qf3 40. Nf6+ Kd8 41. Nxg8+ Kc7 42. Bf2 Rxg8 43. Qh7 Rd8 44. Qxf7+ Rd7 45. Qxg6 Qxf4 46. Qd3 Qe4 47. Qxa6 Qxc2 48. Qa7+ Kc6 49. Qa8+ Kc7 50. a5 Qb1+ 51. Bg1 Qe4 52. Qa7+ Kc8 53. Qa6+ Kd8 54. Qb6+ Ke7 55. a6 Rd8 56. Qc7+ Rd7 57. Qb8 Rd8 58. a7 d4 59. h3 d3 60. Be3 Kd7 61. Bf4 Ke8 62. Kg1 Qd4+ 63. Rf2 Qe4 64. Kh2 Qa8 65. Bxd6 1-0

[Event "SWE-chT2 1213"]
[Site "Sweden"]
[Date "2013.03.16"]
[Round "8"]
[White "Von Bahr, Oskar"]
[Black "Aaberg, Anton"]
[Result "1/2-1/2"]
[WhiteElo "2299"]
[BlackElo "2374"]
[PlyCount "116"]
[EventDate "2012.10.20"]
[EventType "team-tourn"]
[EventRounds "9"]
[EventCountry "SWE"]
[SourceTitle "EXT 2015"]
[Source "ChessBase"]
[SourceDate "2014.11.20"]
[SourceVersion "1"]
[SourceVersionDate "2014.11.20"]
[SourceQuality "1"]
[WhiteTeam "Farsta"]
[BlackTeam "Kamraterna"]
[WhiteTeamCountry "SWE"]
[BlackTeamCountry "SWE"]

1. c4 Nf6 2. g3 c6 3. Nf3 d5 4. Bg2 Bg4 5. Ne5 Bh5 6. cxd5 cxd5 7. Qa4+ Nbd7 8. Nc3 e6 9. g4 Bg6 10. h4 b5 11. Nxb5 Nxe5 12. Nc7+ Ke7 13. Nxa8 Qxa8 14. h5 Be4 15. f3 Bd3 16. exd3 Kd8 17. Ke2 Nfd7 18. b3 Nc5 19. Qa5+ Kd7 20. d4 Nc6 21. Qc3 Nb7 22. Bb2 Bd6 23. Rac1 Nbd8 24. Qe3 Qb8 25. Kd1 Bf4 26. Qd3 Nb4 27. Qb1 Bg5 28. Bc3 Ndc6 29. a3 Qg3 30. axb4 Qxg2 31. Re1 Qxf3+ 32. Kc2 Rb8 33. Rf1 Qe4+ 34. Kb2 Qxb1+ 35. Rxb1 f6 36. Ra1 h6 37. Ra4 Rb7 38. Kc2 Bh4 39. Rf3 Bg5 40. Kd3 Rb6 41. Rf2 Rb7 42. Ra6 Bh4 43. Rf3 Bg5 44. Rf2 Bh4 45. Re2 Bg3 46. Rxe6 Nb8 47. Ke3 Bc7 48. Kf3 Bb6 49. Rexb6 axb6 50. Ra8 b5 51. Kf4 Ke6 52. Ra1 Kf7 53. Ra8 g5+ 54. hxg6+ Kxg6 55. Ra5 Kf7 56. Ra8 Kg6 57. Ra5 Kf7 58. Ra8 Kg6 1/2-1/2

[Event "SWE-chT2 1213"]
[Site "Sweden"]
[Date "2013.03.15"]
[Round "7"]
[White "Vaarala, Eric"]
[Black "Aaberg, Anton"]
[Result "1/2-1/2"]
[WhiteElo "2225"]
[BlackElo "2374"]
[PlyCount "96"]
[EventDate "2012.10.20"]
[EventType "team-tourn"]
[EventRounds "9"]
[EventCountry "SWE"]
[SourceTitle "EXT 2015"]
[Source "ChessBase"]
[SourceDate "2014.11.20"]
[SourceVersion "1"]
[SourceVersionDate "2014.11.20"]
[SourceQuality "1"]
[WhiteTeam "Sollentuna"]
[BlackTeam "Kamraterna"]
[WhiteTeamCountry "SWE"]
[BlackTeamCountry "SWE"]

1. d4 d5 2. c4 c6 3. Nf3 Nf6 4. e3 a6 5. b3 Bg4 6. Nbd2 e6 7. Bd3 c5 8. Bb2 Nc6 9. 0-0 cxd4 10. exd4 Be7 11. c5 0-0 12. a3 b6 13. Qc2 bxc5 14. dxc5 Nd7 15. b4 Bf6 16. Bxh7+ Kh8 17. Bd3 Bxb2 18. Qxb2 e5 19. Be2 e4 20. Nd4 Bxe2 21. Nxe2 Nde5 22. Nd4 Qf6 23. N2b3 a5 24. Qe2 axb4 25. Nxc6 Nxc6 26. axb4 Nxb4 27. Rxa8 Rxa8 28. f3 Ra2 29. Qb5 Nc6 30. Qb7 Kh7 31. Qc8 e3 32. Qh3+ Kg8 33. Qc8+ Kh7 34. Qh3+ Kg8 35. Qc8+ Nd8 36. c6 e2 37. Re1 Rc2 38. c7 Qb6+ 39. Kh1 Qxc7 40. Qxc7 Rxc7 41. Rxe2 Ne6 42. Kg1 Rb7 43. Nc1 Rb1 44. Re1 g5 45. Nd3 Rb3 46. Ne5 Rb2 47. Rd1 Nf4 48. Nd3 Nxd3 1/2-1/2

[Event "SWE-chT2 1213"]
[Site "Sweden"]
[Date "2012.12.02"]
[Round "4"]
[White "Aaberg, Anton"]
[Black "Laveryd, Peter"]
[Result "0-1"]
[WhiteElo "2374"]
[BlackElo "2404"]
[PlyCount "106"]
[EventDate "2012.10.20"]
[EventType "team-tourn"]
[EventRounds "9"]
[EventCountry "SWE"]
[SourceTitle "EXT 2015"]
[Source "ChessBase"]
[SourceDate "2014.11.20"]
[SourceVersion "1"]
[SourceVersionDate "2014.11.20"]
[SourceQuality "1"]
[WhiteTeam "Kamraterna"]
[BlackTeam "Norrkoping Schack 08"]
[WhiteTeamCountry "SWE"]
[BlackTeamCountry "SWE"]

1. d4 Nf6 2. Bg5 e6 3. e4 c5 4. e5 h6 5. Bc1 Nh7 6. c3 cxd4 7. cxd4 d6 8. exd6 Bxd6 9. Nc3 0-0 10. Nf3 Nd7 11. Be2 Nhf6 12. 0-0 a6 13. Re1 b5 14. Bd3 Bb7 15. Ne5 Nb6 16. Ne2 Nbd5 17. Nf4 Bb4 18. Rf1 Nxf4 19. Bxf4 Qd5 20. Nf3 Rfd8 21. a3 Be7 22. Rc1 Rac8 23. Rxc8 Rxc8 24. Qd2 b4 25. axb4 Qb3 26. Ne1 Bxb4 27. Qe2 a5 28. Be5 Nd7 29. Bf4 Nf6 30. Be5 Be7 31. h3 a4 32. Kh2 Nd7 33. Bg3 Bf6 34. Nf3 Bxf3 35. Qxf3 Qxb2 36. Rb1 Qxd4 37. Rd1 Qa7 38. Qe4 g6 39. Bb1 Nf8 40. Ba2 a3 41. Qf3 Bb2 42. Rd3 Qa8 43. Qf4 Kg7 44. Qb4 Qa7 45. Qb5 h5 46. Rb3 Nd7 47. Qe2 Nf6 48. Rxb2 axb2 49. Qxb2 Rc5 50. Bd6 Ra5 51. Bb1 Rd5 52. Bg3 Qd4 53. Qb8 e5 0-1

[Event "Deltalift op"]
[Site "Tylosand"]
[Date "2012.05.19"]
[Round "8"]
[White "Svensson, Leif"]
[Black "Aaberg, Anton"]
[Result "0-1"]
[WhiteElo "2136"]
[BlackElo "2367"]
[PlyCount "80"]
[EventDate "2012.05.17"]
[EventType "swiss"]
[EventRounds "8"]
[EventCountry "SWE"]
[SourceTitle "CBM 148 Extra"]
[Source "ChessBase"]
[SourceDate "2012.06.22"]
[SourceVersion "1"]
[SourceVersionDate "2012.06.22"]
[SourceQuality "1"]

1. d4 d5 2. Nc3 e6 3. e4 Bb4 4. a3 Bxc3+ 5. bxc3 dxe4 6. f3 b6 7. Nh3 Bb7 8. fxe4 Bxe4 9. Ng5 Bg6 10. Bb5+ c6 11. Bc4 Nf6 12. 0-0 0-0 13. Nf3 Nbd7 14. Qe2 Ne4 15. Bb2 Nd6 16. Bb3 c5 17. a4 Qc7 18. c4 cxd4 19. Nxd4 Ne4 20. Nb5 Qc5+ 21. Kh1 a6 22. Ba3 Qe5 23. Qd1 Ndc5 24. Nd4 Rad8 25. Nc6 Qg5 26. Nxd8 Rxd8 27. Bc1 Rxd1 28. Bxg5 Rxf1+ 29. Rxf1 Nxg5 30. Rd1 Kf8 31. Rd6 Ke7 32. Rxb6 e5 33. Kg1 Be4 34. Kf2 Bb7 35. g3 f5 36. Ke3 Nge6 37. c3 f4+ 38. gxf4 exf4+ 39. Ke2 Be4 40. a5 g5 0-1

[Event "Deltalift op"]
[Site "Tylosand"]
[Date "2012.05.18"]
[Round "5"]
[White "Aaberg, Anton"]
[Black "Rydell, Marten"]
[Result "1-0"]
[WhiteElo "2367"]
[BlackElo "1968"]
[PlyCount "59"]
[EventDate "2012.05.17"]
[EventType "swiss"]
[EventRounds "8"]
[EventCountry "SWE"]
[SourceTitle "CBM 148 Extra"]
[Source "ChessBase"]
[SourceDate "2012.06.22"]
[SourceVersion "1"]
[SourceVersionDate "2012.06.22"]
[SourceQuality "1"]

1. d4 e6 2. Nf3 c5 3. e4 cxd4 4. Nxd4 a6 5. Bd3 Qc7 6. 0-0 Nf6 7. Qe2 d6 8. f4 Nbd7 9. Kh1 b6 10. Nc3 Bb7 11. Bd2 Be7 12. Rae1 g6 13. e5 Nh5 14. exd6 Qxd6 15. Ne4 Bxe4 16. Bxe4 Ra7 17. Nc6 Rc7 18. Nxe7 Qxe7 19. Qxa6 0-0 20. Qe2 Rfc8 21. c3 Qh4 22. Rf3 Nc5 23. Bc2 Nb7 24. Rh3 Qf6 25. Rxh5 gxh5 26. Qxh5 Rc5 27. Qxh7+ Kf8 28. f5 e5 29. h4 Re8 30. Bh6+ 1-0